[Event "16th Spilimbergo Open 2018"]
[Site "Spilimbergo"]
[Date "2018.08.11"]
[Round "2.10"]
[White "Godena, Michele"]
[Black "Mufic, Goran"]
[Result "1-0"]
[WhiteElo "2502"]
[BlackElo "2299"]
[Annotator "TA"]
[PlyCount "113"]
[EventDate "2018.08.10"]
[EventType "swiss"]
[EventCountry "ITA"]
[SourceTitle "playchess.com"]
[Source "ChessBase"]
[SourceQuality "1"]

{[%evp 11,113,25,33,20,25,13,31,29,33,33,41,25,29,-31,25,27,37,22,69,50,42,41,53,54,68,62,72,49,91,66,73,72,60,10,43,43,39,33,37,0,0,0,43,48,34,0,72,70,81,85,86,72,87,102,109,42,45,54,65,64,58,51,156,112,253,244,281,254,1210,1210,1210,1210,1178,959,1354,1354,1256,1347,2878,4133,3929,3537,3173,1590,1285,1008,729,619,572,498,29974,29972,29972,29973,29976,29977,29981,29981,29983,29984,29984,29985,29985,29985]} 1. e4 e5 2. Nf3 d6 3. d4 exd4 4. Nxd4 Nf6 5. Bd3 Be7 6. O-O {B07: Pirc Defence: Miscellaneous Systems} O-O {LiveBook: 11 Games} 7. c3 Re8 8. Bf4 {White has an edge.} Nbd7 9. Nd2 Bf8 $146 10. Bc2 a6 11. a4 Ne5 12. Bg3 ({White should play} 12. h3 $11) 12... c5 (12... Nh5 $1 $15) 13. N4f3 Nxf3+ 14. Qxf3 Be6 15. Bh4 Be7 16. a5 b5 17. axb6 Qxb6 18. Rfb1 a5 19. Qd3 Kf8 20. Nc4 Qb5 21. Bxf6 Bxf6 22. Ra4 ({Reject} 22. Nxd6 Qxd3 23. Bxd3 Red8 $15) 22... Bxc4 23. Rxc4 {Black must now prevent Ba4.} Red8 24. Qd5 Rab8 25. Bd3 Qb7 26. Qf5 d5 27. Rxc5 {[%cal Re4d5]} dxe4 28. Bxe4 Qxb2 (28... Qe7 $11 29. Rd5 g6 30. Rxd8+ Rxd8) 29. g3 $16 Qa3 30. Rxb8 ({Much worse is} 30. Rxa5 $6 Rxb1+ 31. Bxb1 Qxc3 $11) 30... Rxb8 31. Rc6 $36 {[%mdl 2048] Black is under strong pressure.} Qe7 32. Qxh7 {[%cal Rh7h8]} g6 33. Qh6+ (33. Bd5 $1 $16) 33... Bg7 $1 $14 34. Qf4 Be5 $1 {[%cal Re5f4]} 35. Qf3 {And now Bxg6 would win.} Kg7 $1 36. h4 {[%cal Bh2h4,Bh4h5,Bh5h6][%mdl 32] h5 is the strong threat.} a4 ({Better is} 36... Bc7 $14) 37. Ra6 Rb3 {[#]} (37... Qc7 $16 {might work better.}) 38. h5 $1 $18 {[%cal Rh5g6]} ({Less strong is} 38. Rxa4 Rxc3 39. Qd1 Qc7 $16) 38... Rxc3 {[#]} 39. Qg4 $1 Rc4 $2 {[#]} (39... Bxg3 40. fxg3 Qe5) 40. h6+ $1 {[%mdl 512]} Kh8 (40... Kxh6 41. Rxg6+) 41. Ra8+ Kh7 42. Bxg6+ $1 fxg6 43. Qxc4 {[%mdl 4096] Endgame KQR-KQB} a3 44. Qd3 Bb2 45. Qe3 Qxe3 46. fxe3 Kxh6 {KR-KB} 47. Ra5 Kg7 48. Kg2 Kf6 49. Kf3 Ke6 50. Ke4 Kf6 (50... Kd6 $18 51. Kd3 Kd7) 51. Ra6+ {White mates.} Kg5 52. Kd5 Kh5 53. e4 {[%cal Be3e4,Be4e5,Be5e6][%mdl 32]} g5 54. e5 Kg4 55. e6 Bf6 56. Rxa3 Kh3 57. Ke4 {Precision: White = 50%, Black = 44%.} 1-0

[Event "16th Spilimbergo Open 2018"]
[Site "Spilimbergo"]
[Date "2018.08.11"]
[Round "2.11"]
[White "Bifulco, Michel"]
[Black "Karthik Venkataraman"]
[Result "0-1"]
[WhiteElo "2297"]
[BlackElo "2502"]
[Annotator "TA"]
[PlyCount "84"]
[EventDate "2018.08.10"]
[EventType "swiss"]
[EventCountry "ITA"]
[SourceTitle "playchess.com"]
[Source "ChessBase"]
[SourceQuality "1"]

{[%evp 28,84,2,8,68,0,16,14,20,20,30,28,22,5,30,4,64,64,63,0,0,-4,0,-16,51,-93,-116,-318,-312,-306,-258,-288,-298,-297,-300,-309,-285,-1429,-1447,-1260,-1168,-1179,-1214,-1174,-1193,-1127,-1061,-1004,-967,-714,-647,-959,-819,-29992,-12843,-29995,-12839,-29996,0]} 1. d4 Nf6 2. c4 e6 3. Nf3 Bb4+ 4. Bd2 Qe7 5. g3 Nc6 6. Bg2 Bxd2+ 7. Nbxd2 d6 8. O-O a5 9. e4 e5 10. d5 Nb8 11. Ne1 O-O 12. Nd3 Na6 13. a3 c6 14. b4 {E11: Bogo-Indian} cxd5 15. cxd5 {LiveBook: 8 Games} Bg4 ({Black should try} 15... axb4 $11 16. Qb3 (16. Nxb4 Nc5 $11) (16. axb4 Bd7 $11) 16... bxa3) 16. Bf3 {[#]} (16. f3 $14 Bd7 17. bxa5) 16... Bd7 $146 ({Predecessor:} 16... Bxf3 17. Qxf3 axb4 18. axb4 Nc7 19. Qe3 {½-½ (19) Mirzoev,A (2550)-Ovsejevitsch,S (2567) Lueneburg 2014}) 17. bxa5 Bb5 18. Qb3 Bxd3 19. Qxd3 Nc5 20. Qb5 g6 21. Bg2 h5 (21... Qd8 $11) 22. Rae1 $14 h4 23. f4 ({Of course not} 23. gxh4 $6 Nh5 $15) ({Better is} 23. Re2 $14) 23... hxg3 $11 24. hxg3 Nh5 {[%cal Bf6h5,Bh5g3,Bg3f1][%mdl 32]} 25. Re3 Qf6 (25... exf4 $1 $11 26. gxf4 Qh4) 26. Nc4 (26. fxe5 $14 {keeps the upper hand.} Qxe5 27. Rfe1) 26... exf4 $17 27. e5 $2 (27. Qb4 $17 {keeps fighting.} Qg5 28. gxf4 Nxf4 29. Qb2) 27... Qg5 $19 28. Ref3 {[%cal Rg3f4]} Nxg3 29. Nxd6 {And now Re1 would win.} Nxf1 30. Rxf1 {[#]} b6 $1 31. Qxb6 Nd7 32. Nxf7 $2 (32. Qf2) 32... Rxf7 33. Qc6 {[#]} f3 $1 {[%csl Gf3][%cal Rg5g2][%mdl 512]} 34. Qxa8+ Rf8 35. Qxf8+ Kxf8 {[%csl Gf3][%cal Rg5g2]} 36. Rxf3+ Kg7 37. e6 Ne5 38. Rc3 Kf6 39. a6 Qd2 40. Rc7 Qe1+ (40... Qd4+ $142 41. Kh1 Qh4+ 42. Kg1 Qe1+ 43. Bf1 Nf3+ 44. Kg2 Nh4+ 45. Kh3 Qxf1+ 46. Kxh4 Qf4+ 47. Kh3 Qxc7 48. Kg2 Ke5 49. Kf3 Kxd5 50. Kg4 Kxe6 51. Kf3 Qc6+ 52. Kf2 Qxa6 53. Ke3 Qxa3+ 54. Kd4 Qb4+ 55. Ke3 Qc3+ 56. Ke4 Qd2 57. Kf3 Kf5 58. Kg3 Qe2 59. Kh3 Kf4 60. Kh4 Qh5#) 41. Kh2 Ng4+ 42. Kh3 Ke5 $2 {[%mdl 32768] Precision: White = 30%, Black = 51%. . Sensor Board Error (Ke4/e5)?} (42... Kg5 {mates} 43. Be4 Qh4+ 44. Kg2 Qh2+ 45. Kf3 Qf2#) 0-1

[Event "16th Spilimbergo Open 2018"]
[Site "Spilimbergo"]
[Date "2018.08.11"]
[Round "2.12"]
[White "Basso, Pier Luigi"]
[Black "Loiacono, Antonio"]
[Result "1-0"]
[WhiteElo "2494"]
[BlackElo "2297"]
[Annotator "TA"]
[PlyCount "87"]
[EventDate "2018.08.10"]
[EventType "swiss"]
[EventCountry "ITA"]
[SourceTitle "playchess.com"]
[Source "ChessBase"]
[SourceQuality "1"]

{[%evp 18,87,31,42,35,30,53,39,50,54,57,47,52,63,77,77,55,61,80,74,103,39,73,71,75,75,68,78,78,68,61,53,63,52,67,50,75,72,141,91,408,406,462,368,414,521,440,308,393,368,351,351,661,661,736,727,709,685,1791,2020,1559,798,799,788,760,762,760,739,670,645,645,645]} 1. d4 Nf6 2. c4 c5 3. d5 b5 4. cxb5 a6 5. e3 e6 6. Nc3 exd5 7. Nxd5 Bb7 8. Nxf6+ Qxf6 9. Nf3 Be7 10. Be2 {LiveBook: 4 Partien. A57: Wolga/Benkö-Gambit} O-O 11. O-O Qe6 12. a4 {Weiß steht etwas besser.} axb5 13. Bxb5 Bf6 14. Re1 Nc6 $146 ({Vorgänger:} 14... Rd8 15. e4 Bxe4 16. Ng5 Bxg5 17. Bxg5 Qg6 18. Qg4 d5 19. f3 Bf5 20. Bxd8 {1-0 (20) Berkes,F (2664)-Fitzsimons,D (2389) Southend 2015}) 15. Ra3 Rfd8 16. e4 Nd4 17. Nxd4 Bxd4 18. Rd3 d5 19. e5 ({Günstiger ist} 19. exd5 $16 Qxd5 20. Qf3) 19... Bc6 20. Bxc6 Qxc6 {[#]} 21. b3 $1 Re8 22. Bf4 Ra7 23. Bg3 Rae7 24. b4 f6 {[%cal Rf6e5]} 25. b5 Qb6 {[%cal Rf6e5]} 26. e6 Rxe6 27. Rxe6 Qxe6 (27... Rxe6 $142 28. h3 g6) 28. h3 $16 Ra8 $2 {[%mdl 8192]} (28... Qb6 $16 {ist zäher.}) 29. Bc7 $18 Qf5 30. Rf3 Qc8 {[#]} 31. b6 $1 Qb7 32. Qe2 c4 33. Qe6+ Kh8 34. Rf4 Bc5 $2 (34... Bxb6 35. Qxb6 (35. Bxb6 c3 $18) 35... Qxb6 36. Bxb6 c3) 35. Rf5 {Weiß steht klar auf Gewinn.} c3 36. Qxd5 Qxd5 37. Rxd5 {[%mdl 4096] Endspiel KTL-KTL} Ba3 38. b7 Rg8 39. Rd4 {Schwarz muss nun Tc4 beachten.} c2 40. Rc4 c1=Q+ 41. Rxc1 Bxc1 42. a5 Bb2 43. b8=Q Rxb8 44. Bxb8 {Precision: Weiß = 82%, Schwarz = 43%.} 1-0

[Event "16th Spilimbergo Open 2018"]
[Site "Spilimbergo"]
[Date "2018.08.11"]
[Round "2.13"]
[White "Di Benedetto, Desiree"]
[Black "Lodici, Lorenzo"]
[Result "1/2-1/2"]
[WhiteElo "2295"]
[BlackElo "2447"]
[Annotator "NA"]
[PlyCount "115"]
[EventDate "2018.08.10"]
[EventType "swiss"]
[EventCountry "ITA"]
[SourceTitle "playchess.com"]
[Source "ChessBase"]
[SourceQuality "1"]
[TimeControl "5400+30"]

1. d4 {[%emt 0:00:30]} d5 {[%emt 0:00:30]} 2. Bf4 {[%emt 0:00:30]} Nf6 {[%emt 0:00:30]} 3. e3 {[%emt 0:00:30]} c5 {[%emt 0:01:30]} 4. c3 {[%emt 0:00:00]} Nc6 {[%emt 0:00:00]} 5. Nd2 {[%emt 0:00:00]} e6 {[%emt 0:00:00]} 6. Ngf3 {[%emt 0:00:30]} cxd4 {[%emt 0:00:30]} 7. exd4 {[%emt 0:01:30]} Nh5 {[%emt 0:00:30]} 8. Bg5 {[%emt 0:10:30]} f6 {[%emt 0:00:00]} 9. Be3 {[%emt 0:02:30]} Bd6 {[%emt 0:00:00]} 10. g3 {[%emt 0:03:30]} O-O {[%emt 0:00:30]} 11. Be2 {[%emt 0:06:30]} f5 {[%emt 0:08:30]} 12. Nb3 {[%emt 0:22:30]} Nf6 {[%emt 0:11:30]} 13. Bf4 {[%emt 0:13:30]} Bxf4 {[%emt 0:09:30]} 14. gxf4 {[%emt 0:00:00]} Ne4 {[%emt 0:01:30]} 15. Qc1 {[%emt 0:06:00]} Bd7 {[%emt 0:10:30]} 16. Qe3 {[%emt 0:01:30]} Be8 {[%emt 0:06:30]} 17. O-O {[%emt 0:05:30]} Bh5 {[%emt 0:03:30]} 18. Ne5 {[%emt 0:00:30]} Nxe5 {[%emt 0:02:30]} 19. dxe5 {[%emt 0:00:30]} Bxe2 {[%emt 0:00:00]} 20. Qxe2 {[%emt 0:00:30]} Qe7 {[%emt 0:02:00]} 21. Nd4 {[%emt 0:04:39]} a6 {[%emt 0:03:30]} 22. a4 {[%emt 0:00:50]} Rac8 {[%emt 0:02:30]} 23. f3 {[%emt 0:01:52]} Nc5 {[%emt 0:00:30]} 24. Qe3 {[%emt 0:00:52]} Kh8 {[%emt 0:02:30]} 25. Kh1 {[%emt 0:00:19]} Nd7 {[%emt 0:02:30]} 26. Rg1 {[%emt 0:01:54]} Rc4 {[%emt 0:01:30]} 27. Rg2 {[%emt 0:02:15]} Rfc8 {[%emt 0:03:30]} 28. Rag1 {[%emt 0:04:01]} g6 {[%emt 0:00:30]} 29. Ra1 {[%emt 0:04:28]} Nc5 {[%emt 0:03:30]} 30. a5 {[%emt 0:01:51]} Nd7 {[%emt 0:00:30]} 31. Qf2 {[%emt 0:00:45]} Nf8 {[%emt 0:02:30]} 32. h4 {[%emt 0:00:43]} h5 {[%emt 0:01:30]} 33. Rg5 {[%emt 0:01:01]} Kh7 {[%emt 0:00:30]} 34. Qg3 {[%emt 0:01:27]} Re8 {[%emt 0:00:30]} 35. Rg1 {[%emt 0:00:51]} Qf7 {[%emt 0:00:30]} 36. Ra1 {[%emt 0:00:59]} Re7 {[%emt 0:01:30]} 37. Qe1 {[%emt 0:00:41]} Qe8 {[%emt 0:00:30]} 38. b4 {[%emt 0:01:12]} Rec7 {[%emt 0:00:30]} 39. Ne2 {[%emt 0:01:08]} d4 {[%emt 0:08:00]} 40. cxd4 {[%emt 0:00:17]} Rc2 {[%emt 0:00:08]} 41. Rg2 {[%emt 0:00:46]} Qc6 {[%emt 0:02:11]} 42. Rf2 {[%emt 0:00:14]} Qc4 {[%emt 0:00:50]} 43. Kg2 {[%emt 0:00:18]} Nd7 {[%emt 0:00:30]} 44. Kg3 {[%emt 0:00:44]} Nb8 {[%emt 0:00:42]} 45. Rb1 {[%emt 0:00:29]} Nc6 {[%emt 0:00:22]} 46. d5 {[%emt 0:00:50]} exd5 {[%emt 0:01:31]} 47. Ng1 {[%emt 0:00:25]} Rxf2 {[%emt 0:01:10]} 48. Qxf2 {[%emt 0:00:01]} Nxb4 {[%emt 0:01:52]} 49. Qb6 {[%emt 0:00:14]} Nd3 {[%emt 0:00:30]} 50. Nh3 {[%emt 0:00:08]} Qc6 {[%emt 0:00:33]} 51. Ng5+ {[%emt 0:00:21]} Kh6 {[%emt 0:00:55]} 52. Qxc6 {[%emt 0:01:46]} bxc6 {[%emt 0:00:15]} 53. Rb8 {[%emt 0:00:10]} Re7 {[%emt 0:01:18]} 54. Rh8+ {[%emt 0:00:50]} Kg7 {[%emt 0:00:02]} 55. Rh7+ {[%emt 0:00:21]} Kf8 {[%emt 0:00:04]} 56. Rh8+ {[%emt 0:00:07]} Kg7 {[%emt 0:00:03]} 57. Rh7+ {[%emt 0:01:03]} Kf8 {[%emt 0:00:04]} 58. Rh8+ {[%emt 0:00:13]} 1/2-1/2

[Event "16th Spilimbergo Open 2018"]
[Site "Spilimbergo"]
[Date "2018.08.11"]
[Round "2.14"]
[White "Di Benedetto, Edoardo"]
[Black "Altini, Nicola"]
[Result "0-1"]
[WhiteElo "2294"]
[BlackElo "2425"]
[Annotator "NA"]
[PlyCount "50"]
[EventDate "2018.08.10"]
[EventType "swiss"]
[EventCountry "ITA"]
[SourceTitle "playchess.com"]
[Source "ChessBase"]
[SourceQuality "1"]
[TimeControl "5400+30"]

1. e4 {[%emt 0:00:30]} c5 {[%emt 0:00:30]} 2. Nf3 {[%emt 0:00:00]} Nc6 {[%emt 0:00:00]} 3. Bb5 {[%emt 0:00:00]} g6 {[%emt 0:00:00]} 4. c3 {[%emt 0:00:30]} Bg7 {[%emt 0:02:30]} 5. d4 {[%emt 0:02:30]} Qb6 {[%emt 0:09:30]} 6. Bxc6 {[%emt 0:02:30]} bxc6 {[%emt 0:04:30]} 7. O-O {[%emt 0:02:30]} Nh6 {[%emt 0:02:30]} 8. dxc5 {[%emt 0:00:30]} Qxc5 {[%emt 0:00:30]} 9. Be3 {[%emt 0:00:30]} Qh5 {[%emt 0:02:30]} 10. Bd4 {[%emt 0:01:30]} f6 {[%emt 0:04:30]} 11. Qb3 {[%emt 0:00:30]} a5 {[%emt 0:16:30]} 12. a4 {[%emt 0:09:30]} Nf7 {[%emt 0:00:00]} 13. Nbd2 {[%emt 0:01:30]} O-O {[%emt 0:02:00]} 14. Qa3 {[%emt 0:00:30]} d6 {[%emt 0:04:30]} 15. b4 {[%emt 0:00:30]} e5 {[%emt 0:06:30]} 16. Bb6 {[%emt 0:00:30]} f5 {[%emt 0:04:30]} 17. b5 {[%emt 0:36:30]} c5 {[%emt 0:17:34]} 18. c4 {[%emt 0:05:30]} Bb7 {[%emt 0:00:26]} 19. Qd3 {[%emt 0:00:30]} Bh6 {[%emt 0:00:30]} 20. Rad1 {[%emt 0:08:30]} Bf4 {[%emt 0:00:30]} 21. g3 {[%emt 0:04:30]} Bh6 {[%emt 0:02:13]} 22. Bc7 {[%emt 0:05:59]} Qh3 {[%emt 0:02:36]} 23. Rfe1 {[%emt 0:02:53]} Bxd2 {[%emt 0:03:36]} 24. Nxd2 {[%emt 0:00:25]} fxe4 {[%emt 0:00:35]} 25. Qe3 {[%emt 0:01:45]} Nh6 {[%emt 0:01:01]} 0-1

[Event "16th Spilimbergo Open 2018"]
[Site "Spilimbergo"]
[Date "2018.08.11"]
[Round "2.15"]
[White "Aghayev, Miragha"]
[Black "Micottis, Dorian"]
[Result "1-0"]
[WhiteElo "2424"]
[BlackElo "2295"]
[Annotator "NA RC"]
[PlyCount "113"]
[EventDate "2018.08.10"]
[EventType "swiss"]
[EventCountry "ITA"]
[SourceTitle "playchess.com"]
[Source "ChessBase"]
[SourceQuality "1"]
[TimeControl "5400+30"]

1. d4 {[%emt 0:23:30]} Nf6 {[%emt 0:00:30]} 2. c4 {[%emt 0:00:30]} g6 {[%emt 0:00:00]} 3. g3 {[%emt 0:00:30]} Bg7 {[%emt 0:02:00]} 4. Bg2 {[%emt 0:02:30]} d5 {[%emt 0:00:00]} 5. cxd5 {[%emt 0:00:00]} Nxd5 {[%emt 0:00:00]} 6. e4 {[%emt 0:00:00]} Nb6 {[%emt 0:00:00]} 7. Ne2 {[%emt 0:00:00]} e5 {[%emt 0:08:00]} 8. d5 {[%emt 0:02:00]} c6 {[%emt 0:00:30]} 9. O-O {[%emt 0:01:30]} O-O {[%emt 0:00:30]} 10. Nbc3 {[%emt 0:00:30]} cxd5 {[%emt 0:06:30]} 11. exd5 {[%emt 0:04:30]} Nc4 {[%emt 0:13:30]} 12. b3 {[%emt 0:01:30]} Nd6 {[%emt 0:00:30]} 13. Ba3 {[%emt 0:00:30]} Re8 {[%emt 0:00:30]} 14. Rc1 {[%emt 0:03:30]} Na6 {[%emt 0:00:30]} 15. h3 {[%emt 0:03:30]} Rb8 {[%emt 0:13:30]} 16. Qd2 {[%emt 0:05:30]} b5 {[%emt 0:06:30]} 17. Bxd6 {[%emt 0:11:30]} Qxd6 {[%emt 0:01:30]} 18. Ne4 {[%emt 0:00:00]} Qd7 {[%emt 0:00:30]} 19. Rc6 {[%emt 0:02:00]} Bb7 {[%emt 0:11:30]} 20. Rd6 {[%emt 0:09:30]} Qe7 {[%emt 0:01:30]} 21. Rd1 {[%emt 0:15:26]} Nc5 {[%emt 0:04:30]} 22. N2c3 {[%emt 0:10:12]} b4 {[%emt 0:10:13]} 23. Qe3 {[%emt 0:00:21]} bxc3 {[%emt 0:08:27]} 24. Qxc5 {[%emt 0:00:08]} Rbc8 {[%emt 0:00:51]} 25. Qe3 {[%emt 0:01:00]} c2 {[%emt 0:01:32]} 26. Rc1 {[%emt 0:00:19]} Red8 {[%emt 0:06:18]} 27. Rxd8+ {[%emt 0:01:50]} Qxd8 {[%emt 0:00:03]} 28. Nc5 {[%emt 0:00:57]} Bxd5 {[%emt 0:00:56]} 29. Rxc2 {[%emt 0:00:07]} Bxg2 {[%emt 0:01:07]} 30. Kxg2 {[%emt 0:00:04]} Qd5+ {[%emt 0:00:27]} 31. Kh2 {[%emt 0:00:05]} Qd4 {[%emt 0:00:49]} 32. Qxd4 {[%emt 0:01:50]} exd4 {[%emt 0:00:09]} 33. Rc4 {[%emt 0:00:26]} Bf8 {[%emt 0:01:05]} 34. Nd3 {[%emt 0:00:00]} Rxc4 {[%emt 0:00:00]} 35. bxc4 {[%emt 0:00:00]} f5 {[%emt 0:00:02]} 36. Kg2 {[%emt 0:00:04]} Kf7 {[%emt 0:00:42]} 37. Kf3 {[%emt 0:00:30]} Ke6 {[%emt 0:00:33]} 38. Ke2 {[%emt 0:00:30]} Kd6 {[%emt 0:00:09]} 39. Kd2 {[%emt 0:00:10]} Bg7 {[%emt 0:01:26]} 40. Kc2 {[%emt 0:00:14]} Kc6 {[%emt 0:00:33]} 41. h4 {[%emt 0:00:42]} Bf6 {[%emt 0:00:39]} 42. Nf4 {[%emt 0:01:25]} Kc5 {[%emt 0:01:42]} 43. Kd3 {[%emt 0:00:07]} Be7 {[%emt 0:00:36]} 44. Ne6+ {[%emt 0:00:49]} Kb4 {[%emt 0:00:04]} 45. Kxd4 {[%emt 0:00:20]} Ka3 {[%emt 0:00:34]} 46. c5 {[%emt 0:00:09]} Kxa2 {[%emt 0:00:06]} 47. c6 {[%emt 0:00:14]} Bd6 {[%emt 0:00:02]} 48. Kd5 {[%emt 0:00:34]} Bb8 {[%emt 0:00:12]} 49. Nc5 {[%emt 0:00:18]} f4 {[%emt 0:00:23]} 50. g4 {[%emt 0:01:02]} f3 {[%emt 0:00:20]} 51. Na6 {[%emt 0:00:52]} Bh2 {[%emt 0:00:52]} 52. Ke4 {[%emt 0:00:05]} Kb3 {[%emt 0:00:19]} 53. Kxf3 {[%emt 0:00:29]} Kc4 {[%emt 0:00:05]} 54. Ke4 {[%emt 0:00:07]} Kb5 {[%emt 0:00:10]} 55. c7 {[%emt 0:00:07]} Bxc7 {[%emt 0:00:05]} 56. Nxc7+ {[%emt 0:00:02]} Kb4 {[%emt 0:00:00]} 57. Nd5+ {[%emt 0:00:06]} 1-0

[Event "16th Spilimbergo Open 2018"]
[Site "Spilimbergo"]
[Date "2018.08.11"]
[Round "2.16"]
[White "Dappiano, Andrea"]
[Black "Mesaros, Florian"]
[Result "1/2-1/2"]
[WhiteElo "2285"]
[BlackElo "2422"]
[Annotator "NA RC"]
[PlyCount "78"]
[EventDate "2018.08.10"]
[EventType "swiss"]
[EventCountry "ITA"]
[SourceTitle "playchess.com"]
[Source "ChessBase"]
[SourceQuality "1"]
[TimeControl "5400+30"]

1. e4 {[%emt 0:00:30]} e5 {[%emt 0:00:30]} 2. Nf3 {[%emt 0:00:00]} Nc6 {[%emt 0:00:00]} 3. d4 {[%emt 0:00:00]} exd4 {[%emt 0:00:00]} 4. Nxd4 {[%emt 0:00:30]} Nf6 {[%emt 0:00:00]} 5. Nc3 {[%emt 0:00:30]} Bb4 {[%emt 0:00:00]} 6. Nxc6 {[%emt 0:00:30]} bxc6 {[%emt 0:00:30]} 7. Bd3 {[%emt 0:00:30]} d5 {[%emt 0:00:30]} 8. exd5 {[%emt 0:00:00]} cxd5 {[%emt 0:00:00]} 9. O-O {[%emt 0:00:00]} O-O {[%emt 0:00:00]} 10. h3 {[%emt 0:02:30]} Re8 {[%emt 0:01:30]} 11. Qf3 {[%emt 0:01:30]} c6 {[%emt 0:01:30]} 12. Bf4 {[%emt 0:02:30]} Qe7 {[%emt 0:01:30]} 13. Rad1 {[%emt 0:17:30]} Bd7 {[%emt 0:17:30]} 14. Ne2 {[%emt 0:14:30]} Ne4 {[%emt 0:08:30]} 15. Ng3 {[%emt 0:19:30]} f5 {[%emt 0:09:30]} 16. a3 {[%emt 0:04:30]} Bc5 {[%emt 0:05:30]} 17. Be3 {[%emt 0:07:30]} Bxe3 {[%emt 0:18:30]} 18. Qxe3 {[%emt 0:01:30]} Qf6 {[%emt 0:10:30]} 19. Bxe4 {[%emt 0:04:30]} fxe4 {[%emt 0:01:30]} 20. Qd4 {[%emt 0:00:30]} Re5 {[%emt 0:00:30]} 21. f4 {[%emt 0:01:45]} exf3 {[%emt 0:04:31]} 22. Rxf3 {[%emt 0:00:15]} Re1+ {[%emt 0:00:45]} 23. Rf1 {[%emt 0:00:53]} Rxf1+ {[%emt 0:00:38]} 24. Nxf1 {[%emt 0:00:07]} Qg6 {[%emt 0:00:26]} 25. Rd3 {[%emt 0:03:13]} Rf8 {[%emt 0:00:12]} 26. Qxa7 {[%emt 0:03:26]} Bf5 {[%emt 0:02:08]} 27. Rf3 {[%emt 0:04:12]} Bxc2 {[%emt 0:04:00]} 28. Rxf8+ {[%emt 0:00:32]} Kxf8 {[%emt 0:00:01]} 29. Ne3 {[%emt 0:01:20]} Be4 {[%emt 0:01:08]} 30. Qb8+ {[%emt 0:02:20]} Qe8 {[%emt 0:02:14]} 31. Qd6+ {[%emt 0:00:09]} Kg8 {[%emt 0:01:04]} 32. a4 {[%emt 0:00:48]} Qa8 {[%emt 0:04:30]} 33. Qe6+ {[%emt 0:04:09]} Kf8 {[%emt 0:00:02]} 34. Ng4 {[%emt 0:00:59]} Qxa4 {[%emt 0:05:09]} 35. Ne5 {[%emt 0:00:55]} Qa7+ {[%emt 0:00:04]} 36. Kh2 {[%emt 0:01:10]} Qc7 {[%emt 0:01:07]} 37. Kg1 {[%emt 0:00:31]} Qa7+ {[%emt 0:00:22]} 38. Kh2 {[%emt 0:00:16]} Qc7 {[%emt 0:00:08]} 39. Kg1 {[%emt 0:00:33]} Qa7+ {[%emt 0:02:40]} 1/2-1/2

[Event "16th Spilimbergo Open 2018"]
[Site "Spilimbergo"]
[Date "2018.08.11"]
[Round "3.1"]
[White "Bacrot, Etienne"]
[Black "Godena, Michele"]
[Result "*"]
[WhiteElo "2699"]
[BlackElo "2502"]
[Annotator "TA"]
[PlyCount "89"]
[EventDate "2018.08.10"]
[EventType "swiss"]
[EventCountry "ITA"]
[SourceTitle "playchess.com"]
[Source "ChessBase"]
[SourceQuality "1"]

{[%evp 18,89,25,12,19,26,26,26,64,71,71,18,44,40,62,51,58,51,42,59,50,44,52,63,56,61,61,48,52,40,132,132,132,132,132,142,122,123,141,127,165,165,166,152,164,185,180,148,232,152,160,150,161,160,194,175,204,162,162,101,225,181,197,192,181,179,219,194,323,311,318,227,316,314]} 1. e4 e5 2. Nf3 Nc6 3. Bc4 Bc5 4. d3 Nf6 5. O-O O-O 6. Re1 {C50: Hungarian Defence and Giuoco Pianissimo} a6 (6... d6 7. c3 h6 8. h3 a5 9. Bb3 Bd7 10. Nbd2 a4 11. Bc2 b5 12. Nf1 Bb6 13. Ng3 Ne7 14. d4 Ng6 15. Be3 Re8 16. Qd2 {1-0 (45) Aronian,L (2767)-Caruana,F (2822) chess.com INT 2018}) 7. c3 Re8 8. Nbd2 {[%cal Bb1d2,Bd2f1,Bf1e3,Be3f5,Bf5h6][%mdl 32]} Ba7 9. Bb3 d6 10. Nf1 {LiveBook: 3 Games} Be6 11. Bg5 h6 12. Bh4 Nb8 $146 {[%cal Bc6b8,Bb8d7,Bd7e5][%mdl 32]} ({Predecessor:} 12... Qe7 13. Ne3 Bxe3 14. Rxe3 Rad8 15. d4 exd4 16. cxd4 {1-0 (37) Chua,J (1469)-Ananya,R (1356) Chiangmai 2013}) 13. d4 Nbd7 14. Bc2 (14. Ne3 $16) 14... Bg4 15. Ne3 Bxf3 16. Qxf3 exd4 17. Nf5 {Strongly threatening Qg3.} Ne5 18. Qg3 {[%csl Gf5][%cal Rg3g7]} Nh5 19. Qh3 Nf4 $1 {[%cal Rf4h3] [#]} 20. Nxh6+ $1 {[%mdl 512]} Kf8 ({Much worse is} 20... Kh8 21. Qg3 $16) (20... gxh6 21. Qg3+) 21. Qg3 $40 {[%mdl 128] White mounts an attack.} Nh5 22. Bxd8 Nxg3 23. Bxc7 Ke7 (23... Nc4 $1 $14) 24. cxd4 $1 $16 Bxd4 {White must now prevent ...Rec8.} 25. Rad1 Bc5 26. hxg3 gxh6 {[#]} 27. Ba5 $1 Rec8 28. Bb3 b6 29. Bc3 b5 30. Rd5 f6 31. Kf1 a5 32. f4 Ng4 (32... b4 $16 {was called for.}) 33. Rd3 b4 34. Bd2 a4 35. Bd5 Rab8 36. Ke2 h5 37. Rc1 Rh8 38. Bc6 (38. Rc4 $18) 38... f5 (38... Nf2 $16 {was necessary.}) 39. e5 a3 40. b3 Rhc8 41. Ba4 dxe5 {[#]} 42. Bd7 $1 {[%cal Rd7c8]} e4 (42... Rd8 $142) 43. Rd5 $18 Rd8 44. Rdxc5 Rxd7 45. Rxf5 {Precision: White = 77%, Black = 49%.} *